[Event "African Games-chT 2019"]
[Site "Casablanca"]
[Date "2019.08.24"]
[Round "1"]
[White "Ofowino, Toritsemuwa"]
[Black "Msukwa, Tupokiwe"]
[Result "1-0"]
[WhiteElo "1877"]
[BlackElo "1289"]
[Annotator "NA"]
[PlyCount "39"]
[EventDate "2019.08.24"]
[EventType "team-tourn"]
[EventCountry "MAR"]
[SourceTitle "playchess.com"]
[Source "ChessBase"]
[SourceQuality "1"]
[WhiteTeam "Nigeria"]
[BlackTeam "MAW"]
[WhiteTeamCountry "NGR"]
[TimeControl "900+10"]

1. d4 {[%emt 0:00:00]} d5 {[%emt 0:00:00]} 2. Bf4 {[%emt 0:00:02]} Nc6 {[%emt 0:00:44]} 3. e3 {[%emt 0:00:19]} a6 {[%emt 0:00:06]} 4. c4 {[%emt 0:00:30]} Nf6 {[%emt 0:00:12]} 5. Nf3 {[%emt 0:01:07]} e6 {[%emt 0:00:39]} 6. Nc3 {[%emt 0:00:08]} h6 {[%emt 0:01:56]} 7. Rc1 {[%emt 0:00:14]} Bd6 {[%emt 0:01:21]} 8. Bg3 {[%emt 0:00:06]} Bxg3 {[%emt 0:02:35]} 9. hxg3 {[%emt 0:00:02]} Bd7 {[%emt 0:00:46]} 10. a3 {[%emt 0:00:12]} Ne7 {[%emt 0:00:36]} 11. Ne5 {[%emt 0:00:39]} b6 {[%emt 0:01:09]} 12. Qc2 {[%emt 0:00:41]} Nc6 {[%emt 0:02:19]} 13. Nxd7 {[%emt 0:00:34]} Qxd7 {[%emt 0:00:04]} 14. cxd5 {[%emt 0:00:06]} exd5 {[%emt 0:02:08]} 15. Nxd5 {[%emt 0:00:13]} Nxd5 {[%emt 0:00:19]} 16. Qxc6 {[%emt 0:00:02]} Qxc6 {[%emt 0:00:05]} 17. Rxc6 {[%emt 0:00:00]} Kd7 {[%emt 0:01:29]} 18. Rc1 {[%emt 0:00:02]} a5 {[%emt 0:00:10]} 19. Bb5+ {[%emt 0:00:22]} Kd8 {[%emt 0:01:01]} 20. Bc6 {[%emt 0:00:04]} 1-0

[Event "African Games-chT 2019"]
[Site "Casablanca"]
[Date "2019.08.24"]
[Round "1"]
[White "Rania, Sbai"]
[Black "Mentile, Lishen"]
[Result "1-0"]
[WhiteElo "1853"]
[BlackElo "1513"]
[Annotator "NA"]
[PlyCount "67"]
[EventDate "2019.08.24"]
[EventType "team-tourn"]
[EventCountry "MAR"]
[SourceTitle "playchess.com"]
[Source "ChessBase"]
[SourceQuality "1"]
[WhiteTeam "Morocco"]
[BlackTeam "Namibia"]
[WhiteTeamCountry "MAR"]
[BlackTeamCountry "NAM"]
[TimeControl "900+10"]

1. d4 {[%emt 0:00:00]} d5 {[%emt 0:00:00]} 2. c4 {[%emt 0:00:06]} c6 {[%emt 0:00:49]} 3. Nc3 {[%emt 0:00:06]} Nf6 {[%emt 0:00:02]} 4. Nf3 {[%emt 0:00:21]} h6 {[%emt 0:00:11]} 5. e3 {[%emt 0:00:21]} Bg4 {[%emt 0:00:06]} 6. cxd5 {[%emt 0:02:10]} Nxd5 {[%emt 0:00:17]} 7. e4 {[%emt 0:01:14]} Nf6 {[%emt 0:00:53]} 8. Be3 {[%emt 0:00:51]} e6 {[%emt 0:00:02]} 9. Be2 {[%emt 0:00:59]} Bb4 {[%emt 0:00:13]} 10. Qc2 {[%emt 0:00:06]} Nbd7 {[%emt 0:01:46]} 11. O-O {[%emt 0:00:26]} O-O {[%emt 0:00:10]} 12. Rfd1 {[%emt 0:01:58]} Qc7 {[%emt 0:00:00]} 13. a3 {[%emt 0:00:55]} Bxc3 {[%emt 0:01:41]} 14. bxc3 {[%emt 0:00:03]} Rad8 {[%emt 0:01:42]} 15. Rab1 {[%emt 0:02:04]} b6 {[%emt 0:00:16]} 16. c4 {[%emt 0:00:42]} e5 {[%emt 0:01:36]} 17. d5 {[%emt 0:02:04]} cxd5 {[%emt 0:00:33]} 18. exd5 {[%emt 0:00:01]} Nc5 {[%emt 0:01:17]} 19. Bxc5 {[%emt 0:00:23]} Qxc5 {[%emt 0:00:02]} 20. Ne1 {[%emt 0:01:54]} Bxe2 {[%emt 0:01:01]} 21. Qxe2 {[%emt 0:00:02]} Rfe8 {[%emt 0:00:11]} 22. Nc2 {[%emt 0:00:07]} Rc8 {[%emt 0:01:17]} 23. Ne3 {[%emt 0:00:05]} Qxa3 {[%emt 0:00:41]} 24. Ra1 {[%emt 0:00:04]} Qe7 {[%emt 0:00:02]} 25. d6 {[%emt 0:00:13]} Qd7 {[%emt 0:00:01]} 26. Qa2 {[%emt 0:00:11]} a5 {[%emt 0:00:38]} 27. Qb3 {[%emt 0:01:02]} Rc6 {[%emt 0:00:01]} 28. c5 {[%emt 0:00:40]} bxc5 {[%emt 0:00:55]} 29. Nc4 {[%emt 0:00:09]} Ne4 {[%emt 0:00:10]} 30. Qd3 {[%emt 0:00:02]} Nf6 {[%emt 0:01:00]} 31. Nxa5 {[%emt 0:00:23]} Rb6 {[%emt 0:00:38]} 32. Rac1 {[%emt 0:00:17]} Rc8 {[%emt 0:00:22]} 33. Nc4 {[%emt 0:00:00]} Ne8 {[%emt 0:01:13]} 34. Nxb6 {[%emt 0:00:07]} 1-0

[Event "African Games-chT 2019"]
[Site "Casablanca"]
[Date "2019.08.24"]
[Round "1"]
[White "Naipal, Hoolan"]
[Black "Kayonde, Andrew"]
[Result "0-1"]
[WhiteElo "1785"]
[BlackElo "2384"]
[Annotator "NA"]
[PlyCount "58"]
[EventDate "2019.08.24"]
[EventType "team-tourn"]
[EventCountry "MAR"]
[SourceTitle "playchess.com"]
[Source "ChessBase"]
[SourceQuality "1"]
[WhiteTeam "Mauritius"]
[BlackTeam "Zambia"]
[WhiteTeamCountry "MRI"]
[BlackTeamCountry "ZAM"]
[TimeControl "900+10"]

1. e4 {[%emt 0:00:00]} c6 {[%emt 0:00:00]} 2. d4 {[%emt 0:00:03]} d5 {[%emt 0:00:00]} 3. Nc3 {[%emt 0:00:15]} dxe4 {[%emt 0:00:04]} 4. Nxe4 {[%emt 0:00:05]} Bf5 {[%emt 0:00:04]} 5. Ng3 {[%emt 0:00:04]} Bg6 {[%emt 0:00:03]} 6. Nh3 {[%emt 0:00:19]} e6 {[%emt 0:00:04]} 7. Nf4 {[%emt 0:00:24]} Bd6 {[%emt 0:00:04]} 8. h4 {[%emt 0:01:34]} Qc7 {[%emt 0:00:11]} 9. Nxg6 {[%emt 0:01:50]} hxg6 {[%emt 0:00:05]} 10. Ne4 {[%emt 0:00:44]} Nf6 {[%emt 0:00:40]} 11. Bd3 {[%emt 0:04:41]} Nxe4 {[%emt 0:01:27]} 12. Bxe4 {[%emt 0:00:03]} Nd7 {[%emt 0:00:03]} 13. Be3 {[%emt 0:01:20]} Nf6 {[%emt 0:01:15]} 14. Bf3 {[%emt 0:00:04]} Bf4 {[%emt 0:00:07]} 15. Qd2 {[%emt 0:00:51]} Bxe3 {[%emt 0:00:11]} 16. Qxe3 {[%emt 0:01:04]} Qa5+ {[%emt 0:00:17]} 17. c3 {[%emt 0:00:54]} g5 {[%emt 0:00:46]} 18. Qe5 {[%emt 0:01:20]} Qxe5+ {[%emt 0:00:10]} 19. dxe5 {[%emt 0:00:01]} Nd7 {[%emt 0:00:02]} 20. O-O-O {[%emt 0:00:06]} gxh4 {[%emt 0:00:14]} 21. g3 {[%emt 0:00:43]} Nxe5 {[%emt 0:00:06]} 22. Be2 {[%emt 0:00:01]} g5 {[%emt 0:03:06]} 23. gxh4 {[%emt 0:00:38]} gxh4 {[%emt 0:00:02]} 24. Rh3 {[%emt 0:00:07]} Ke7 {[%emt 0:00:08]} 25. Rdh1 {[%emt 0:00:08]} Ng6 {[%emt 0:00:03]} 26. Bd3 {[%emt 0:00:20]} Nf4 {[%emt 0:00:04]} 27. Rf3 {[%emt 0:00:17]} e5 {[%emt 0:00:12]} 28. Re1 {[%emt 0:00:26]} Kf6 {[%emt 0:00:11]} 29. Bf1 {[%emt 0:01:01]} h3 {[%emt 0:00:10]} 0-1

[Event "African Games-chT 2019"]
[Site "Casablanca"]
[Date "2019.08.24"]
[Round "1"]
[White "Asante Debesai Zerabruk"]
[Black "Makoto, Rodwell"]
[Result "0-1"]
[WhiteElo "1712"]
[BlackElo "2373"]
[Annotator "NA"]
[PlyCount "70"]
[EventDate "2019.08.24"]
[EventType "team-tourn"]
[EventCountry "MAR"]
[SourceTitle "playchess.com"]
[Source "ChessBase"]
[SourceQuality "1"]
[WhiteTeam "Eritrea"]
[BlackTeam "Zimbabwe"]
[WhiteTeamCountry "ERI"]
[BlackTeamCountry "ZIM"]
[TimeControl "900+10"]

1. e4 {[%emt 0:00:00]} e5 {[%emt 0:00:00]} 2. Nf3 {[%emt 0:00:00]} Nc6 {[%emt 0:00:00]} 3. Bb5 {[%emt 0:00:00]} a6 {[%emt 0:00:00]} 4. Ba4 {[%emt 0:00:00]} d6 {[%emt 0:00:00]} 5. O-O {[%emt 0:00:00]} Bd7 {[%emt 0:00:00]} 6. c3 {[%emt 0:00:04]} g6 {[%emt 0:00:00]} 7. h3 {[%emt 0:00:11]} Bg7 {[%emt 0:00:01]} 8. Re1 {[%emt 0:00:09]} Nf6 {[%emt 0:00:02]} 9. d4 {[%emt 0:00:04]} O-O {[%emt 0:00:11]} 10. Bc2 {[%emt 0:00:18]} Re8 {[%emt 0:00:55]} 11. Nbd2 {[%emt 0:00:15]} h6 {[%emt 0:00:07]} 12. Nf1 {[%emt 0:00:08]} Nh5 {[%emt 0:00:29]} 13. Be3 {[%emt 0:02:02]} Qe7 {[%emt 0:02:39]} 14. Qd2 {[%emt 0:01:34]} g5 {[%emt 0:00:22]} 15. Ng3 {[%emt 0:00:59]} Nf4 {[%emt 0:00:21]} 16. Nf5 {[%emt 0:00:48]} Bxf5 {[%emt 0:00:03]} 17. exf5 {[%emt 0:00:02]} Qf6 {[%emt 0:00:17]} 18. d5 {[%emt 0:05:08]} Ne7 {[%emt 0:00:19]} 19. Be4 {[%emt 0:00:01]} Nxf5 {[%emt 0:00:18]} 20. Qc2 {[%emt 0:00:10]} Ne7 {[%emt 0:00:13]} 21. Rad1 {[%emt 0:01:45]} Neg6 {[%emt 0:00:14]} 22. Kh2 {[%emt 0:00:52]} Nf8 {[%emt 0:00:31]} 23. g3 {[%emt 0:00:24]} N4g6 {[%emt 0:00:02]} 24. Kg2 {[%emt 0:00:08]} Qd8 {[%emt 0:00:30]} 25. a3 {[%emt 0:00:19]} Ne7 {[%emt 0:00:03]} 26. Nh2 {[%emt 0:00:35]} Qd7 {[%emt 0:00:08]} 27. g4 {[%emt 0:00:20]} Nfg6 {[%emt 0:00:01]} 28. f3 {[%emt 0:00:41]} Rf8 {[%emt 0:00:19]} 29. Bxg6 {[%emt 0:01:17]} Nxg6 {[%emt 0:00:02]} 30. Rf1 {[%emt 0:00:56]} f5 {[%emt 0:00:04]} 31. Rf2 {[%emt 0:00:13]} Rae8 {[%emt 0:00:08]} 32. Nf1 {[%emt 0:00:14]} e4 {[%emt 0:00:07]} 33. fxe4 {[%emt 0:00:31]} fxg4 {[%emt 0:00:03]} 34. hxg4 {[%emt 0:00:10]} Qxg4+ {[%emt 0:00:10]} 35. Ng3 {[%emt 0:00:10]} Nf4+ {[%emt 0:00:10]} 0-1

[Event "African Games-chT 2019"]
[Site "Casablanca"]
[Date "2019.08.24"]
[Round "1"]
[White "Koualet-Bebondi, Vianney Archeveq"]
[Black "Khetho, Phemelo"]
[Result "0-1"]
[WhiteElo "1679"]
[BlackElo "2178"]
[Annotator "NA"]
[PlyCount "70"]
[EventDate "2019.08.24"]
[EventType "team-tourn"]
[EventCountry "MAR"]
[SourceTitle "playchess.com"]
[Source "ChessBase"]
[SourceQuality "1"]
[WhiteTeam "CAF"]
[BlackTeam "Botswana"]
[BlackTeamCountry "BOT"]
[TimeControl "900+10"]

1. e4 {[%emt 0:00:00]} e5 {[%emt 0:00:00]} 2. d3 {[%emt 0:00:03]} Nf6 {[%emt 0:00:17]} 3. Bd2 {[%emt 0:00:07]} d5 {[%emt 0:00:05]} 4. Qe2 {[%emt 0:00:40]} Nc6 {[%emt 0:00:41]} 5. c3 {[%emt 0:00:10]} Be7 {[%emt 0:00:26]} 6. h3 {[%emt 0:00:14]} dxe4 {[%emt 0:00:24]} 7. dxe4 {[%emt 0:00:05]} a6 {[%emt 0:00:34]} 8. Nf3 {[%emt 0:00:14]} O-O {[%emt 0:00:10]} 9. Bg5 {[%emt 0:00:17]} h6 {[%emt 0:00:06]} 10. Bxf6 {[%emt 0:00:03]} Bxf6 {[%emt 0:00:01]} 11. Qc2 {[%emt 0:00:11]} Be6 {[%emt 0:00:06]} 12. Be2 {[%emt 0:00:11]} Qe7 {[%emt 0:00:44]} 13. O-O {[%emt 0:00:12]} g5 {[%emt 0:00:06]} 14. Nh2 {[%emt 0:00:08]} Bg7 {[%emt 0:00:03]} 15. Nd2 {[%emt 0:00:16]} Rad8 {[%emt 0:00:11]} 16. b3 {[%emt 0:01:21]} Qc5 {[%emt 0:00:49]} 17. Qb2 {[%emt 0:01:05]} Ne7 {[%emt 0:01:01]} 18. b4 {[%emt 0:00:07]} Qc6 {[%emt 0:00:08]} 19. Kh1 {[%emt 0:00:16]} Ng6 {[%emt 0:00:03]} 20. Bg4 {[%emt 0:00:33]} Nf4 {[%emt 0:01:06]} 21. Bxe6 {[%emt 0:00:18]} Qxe6 {[%emt 0:00:03]} 22. f3 {[%emt 0:00:14]} Ne2 {[%emt 0:00:19]} 23. Rf2 {[%emt 0:00:32]} Nf4 {[%emt 0:00:17]} 24. Qc2 {[%emt 0:00:40]} Rd7 {[%emt 0:00:21]} 25. Ng4 {[%emt 0:00:22]} Rfd8 {[%emt 0:00:02]} 26. Ne3 {[%emt 0:00:14]} Rd3 {[%emt 0:00:32]} 27. Rd1 {[%emt 0:00:19]} Rxe3 {[%emt 0:00:06]} 28. c4 {[%emt 0:00:51]} Red3 {[%emt 0:00:14]} 29. Kh2 {[%emt 0:00:28]} Qb6 {[%emt 0:00:19]} 30. Kg1 {[%emt 0:01:01]} Qxb4 {[%emt 0:00:22]} 31. Kf1 {[%emt 0:00:09]} Bf8 {[%emt 0:00:14]} 32. Rb1 {[%emt 0:00:32]} Qd6 {[%emt 0:00:27]} 33. Nb3 {[%emt 0:00:18]} Rd1+ {[%emt 0:00:04]} 34. Rxd1 {[%emt 0:00:43]} Qxd1+ {[%emt 0:00:03]} 35. Qxd1 {[%emt 0:00:02]} Rxd1# {[%emt 0:00:02]} 0-1

[Event "African Games-chT 2019"]
[Site "Casablanca"]
[Date "2019.08.24"]
[Round "1"]
[White "Tjaronda, Nicola"]
[Black "Mayar ElIdrissi, Firdaous"]
[Result "0-1"]
[WhiteElo "1545"]
[BlackElo "1760"]
[Annotator "NA"]
[PlyCount "62"]
[EventDate "2019.08.24"]
[EventType "team-tourn"]
[EventCountry "MAR"]
[SourceTitle "playchess.com"]
[Source "ChessBase"]
[SourceQuality "1"]
[WhiteTeam "Namibia"]
[BlackTeam "Morocco"]
[WhiteTeamCountry "NAM"]
[BlackTeamCountry "MAR"]
[TimeControl "900+10"]

1. e4 {[%emt 0:00:00]} c5 {[%emt 0:00:00]} 2. Nf3 {[%emt 0:00:00]} d6 {[%emt 0:00:00]} 3. Bc4 {[%emt 0:00:02]} Nf6 {[%emt 0:00:00]} 4. Nc3 {[%emt 0:00:03]} Nc6 {[%emt 0:00:00]} 5. O-O {[%emt 0:00:02]} e6 {[%emt 0:00:00]} 6. Re1 {[%emt 0:00:02]} Be7 {[%emt 0:00:00]} 7. a3 {[%emt 0:00:01]} O-O {[%emt 0:00:01]} 8. d3 {[%emt 0:00:12]} a6 {[%emt 0:00:01]} 9. Bg5 {[%emt 0:00:19]} b5 {[%emt 0:00:03]} 10. Ba2 {[%emt 0:00:03]} Bb7 {[%emt 0:00:03]} 11. Rb1 {[%emt 0:00:22]} Qc7 {[%emt 0:00:10]} 12. Qd2 {[%emt 0:00:13]} Rad8 {[%emt 0:00:37]} 13. Ne2 {[%emt 0:01:06]} b4 {[%emt 0:00:49]} 14. axb4 {[%emt 0:00:27]} Nxb4 {[%emt 0:00:12]} 15. Bb3 {[%emt 0:00:10]} Ra8 {[%emt 0:00:39]} 16. Ng3 {[%emt 0:00:18]} a5 {[%emt 0:00:05]} 17. Ba4 {[%emt 0:00:29]} Rfb8 {[%emt 0:00:57]} 18. c3 {[%emt 0:00:59]} Nc6 {[%emt 0:00:13]} 19. d4 {[%emt 0:00:29]} cxd4 {[%emt 0:00:17]} 20. cxd4 {[%emt 0:00:03]} Nb4 {[%emt 0:00:22]} 21. Rec1 {[%emt 0:00:47]} Qd8 {[%emt 0:00:57]} 22. Qe3 {[%emt 0:00:51]} Rc8 {[%emt 0:00:58]} 23. b3 {[%emt 0:01:02]} Ba6 {[%emt 0:00:39]} 24. Bxf6 {[%emt 0:00:22]} Bxf6 {[%emt 0:00:14]} 25. e5 {[%emt 0:00:08]} dxe5 {[%emt 0:00:31]} 26. dxe5 {[%emt 0:00:01]} Be7 {[%emt 0:00:53]} 27. Rd1 {[%emt 0:01:06]} Nd5 {[%emt 0:01:17]} 28. Qe4 {[%emt 0:03:38]} Qb6 {[%emt 0:00:36]} 29. Rxd5 {[%emt 0:02:10]} exd5 {[%emt 0:00:16]} 30. Qxd5 {[%emt 0:00:01]} Rc2 {[%emt 0:03:05]} 31. Ne4 {[%emt 0:02:29]} Bc8 {[%emt 0:00:10]} 0-1

[Event "African Games-chT 2019"]
[Site "Casablanca"]
[Date "2019.08.24"]
[Round "1"]
[White "Eshete, Ruth Leykun"]
[Black "Wafa, Shahenda"]
[Result "0-1"]
[WhiteElo "1495"]
[BlackElo "2139"]
[Annotator "NA"]
[PlyCount "41"]
[EventDate "2019.08.24"]
[EventType "team-tourn"]
[EventCountry "MAR"]
[SourceTitle "playchess.com"]
[Source "ChessBase"]
[SourceQuality "1"]
[WhiteTeam "Ethiopia"]
[BlackTeam "Egypt"]
[WhiteTeamCountry "ETH"]
[BlackTeamCountry "EGY"]
[TimeControl "900+10"]

1. d4 {[%emt 0:00:00]} f5 {[%emt 0:00:00]} 2. c4 {[%emt 0:00:00]} Nf6 {[%emt 0:00:17]} 3. Nc3 {[%emt 0:00:15]} d6 {[%emt 0:00:12]} 4. Nf3 {[%emt 0:00:18]} g6 {[%emt 0:00:19]} 5. Bf4 {[%emt 0:00:34]} Bg7 {[%emt 0:00:44]} 6. e3 {[%emt 0:00:38]} c6 {[%emt 0:01:38]} 7. Be2 {[%emt 0:00:51]} O-O {[%emt 0:00:31]} 8. O-O {[%emt 0:00:19]} Nh5 {[%emt 0:01:57]} 9. Bg3 {[%emt 0:02:21]} Nxg3 {[%emt 0:00:49]} 10. fxg3 {[%emt 0:01:08]} Qc7 {[%emt 0:01:38]} 11. Re1 {[%emt 0:02:34]} e5 {[%emt 0:00:31]} 12. dxe5 {[%emt 0:01:37]} dxe5 {[%emt 0:00:04]} 13. e4 {[%emt 0:00:59]} Qb6+ {[%emt 0:00:57]} 14. Kh1 {[%emt 0:01:32]} Qxb2 {[%emt 0:00:37]} 15. Qc1 {[%emt 0:00:44]} Qxc1 {[%emt 0:00:22]} 16. Raxc1 {[%emt 0:00:35]} Na6 {[%emt 0:00:33]} 17. Red1 {[%emt 0:00:48]} Nc5 {[%emt 0:00:19]} 18. exf5 {[%emt 0:00:49]} Bxf5 {[%emt 0:00:40]} 19. Rf1 {[%emt 0:00:58]} Rad8 {[%emt 0:00:20]} 20. Rcd1 {[%emt 0:00:42]} e4 {[%emt 0:00:08]} 21. Ne1 {[%emt 0:00:10]} 0-1

[Event "African Games-chT 2019"]
[Site "Casablanca"]
[Date "2019.08.24"]
[Round "1"]
[White "Nkhoma, Desiderata"]
[Black "Ogbiyoyo, Perpetual Eloho"]
[Result "0-1"]
[WhiteElo "1481"]
[BlackElo "1831"]
[Annotator "NA"]
[PlyCount "65"]
[EventDate "2019.08.24"]
[EventType "team-tourn"]
[EventCountry "MAR"]
[SourceTitle "playchess.com"]
[Source "ChessBase"]
[SourceQuality "1"]
[WhiteTeam "MAW"]
[BlackTeam "Nigeria"]
[BlackTeamCountry "NGR"]
[TimeControl "900+10"]

1. e4 {[%emt 0:00:00]} e5 {[%emt 0:00:00]} 2. Nf3 {[%emt 0:00:04]} Nc6 {[%emt 0:00:00]} 3. Bc4 {[%emt 0:00:13]} Bc5 {[%emt 0:00:02]} 4. O-O {[%emt 0:00:12]} Nf6 {[%emt 0:00:04]} 5. Nc3 {[%emt 0:00:53]} O-O {[%emt 0:00:09]} 6. d3 {[%emt 0:00:03]} h6 {[%emt 0:00:10]} 7. Ne2 {[%emt 0:00:10]} d6 {[%emt 0:00:10]} 8. Ng3 {[%emt 0:00:46]} Be6 {[%emt 0:00:46]} 9. Bb3 {[%emt 0:00:22]} Nh7 {[%emt 0:01:13]} 10. c3 {[%emt 0:00:58]} Bxb3 {[%emt 0:00:10]} 11. axb3 {[%emt 0:00:44]} Ne7 {[%emt 0:01:35]} 12. d4 {[%emt 0:00:24]} exd4 {[%emt 0:00:05]} 13. cxd4 {[%emt 0:00:55]} Bb6 {[%emt 0:00:05]} 14. Be3 {[%emt 0:00:44]} Ng6 {[%emt 0:01:05]} 15. Qd3 {[%emt 0:01:21]} Re8 {[%emt 0:01:36]} 16. Qc4 {[%emt 0:00:44]} c6 {[%emt 0:00:53]} 17. h3 {[%emt 0:00:48]} d5 {[%emt 0:00:21]} 18. exd5 {[%emt 0:00:09]} cxd5 {[%emt 0:00:01]} 19. Qd3 {[%emt 0:00:13]} Rc8 {[%emt 0:00:31]} 20. Rac1 {[%emt 0:00:10]} Qf6 {[%emt 0:00:21]} 21. Nh5 {[%emt 0:00:49]} Qe6 {[%emt 0:00:50]} 22. Bf4 {[%emt 0:01:43]} Nf6 {[%emt 0:01:20]} 23. Rfe1 {[%emt 0:01:16]} Rxc1 {[%emt 0:00:39]} 24. Nxf6+ {[%emt 0:00:17]} Qxf6 {[%emt 0:01:22]} 25. Bxc1 {[%emt 0:00:09]} Rxe1+ {[%emt 0:00:06]} 26. Nxe1 {[%emt 0:00:20]} Qxd4 {[%emt 0:00:36]} 27. Qc2 {[%emt 0:01:42]} Qe5 {[%emt 0:00:35]} 28. Nf3 {[%emt 0:00:26]} Qe4 {[%emt 0:00:46]} 29. Qc8+ {[%emt 0:00:29]} Kh7 {[%emt 0:00:14]} 30. Qxb7 {[%emt 0:00:31]} Qe2 {[%emt 0:00:49]} 31. Qxd5 {[%emt 0:01:02]} Qxf2+ {[%emt 0:01:08]} 32. Kh1 {[%emt 0:00:10]} Qf1+ {[%emt 0:00:10]} 33. Kh2 {[%emt 0:00:10]} 0-1

[Event "African Games-chT 2019"]
[Site "Casablanca"]
[Date "2019.08.24"]
[Round "1"]
[White "Beekhy, Aamirah"]
[Black "Mululu Linah"]
[Result "0-1"]
[WhiteElo "1373"]
[BlackElo "1633"]
[Annotator "NA"]
[PlyCount "56"]
[EventDate "2019.08.24"]
[EventType "team-tourn"]
[EventCountry "MAR"]
[SourceTitle "playchess.com"]
[Source "ChessBase"]
[SourceQuality "1"]
[WhiteTeam "Mauritius"]
[BlackTeam "Zambia"]
[WhiteTeamCountry "MRI"]
[BlackTeamCountry "ZAM"]
[TimeControl "900+10"]

1. d4 {[%emt 0:00:00]} d5 {[%emt 0:00:00]} 2. Nf3 {[%emt 0:00:00]} Nf6 {[%emt 0:00:00]} 3. Bf4 {[%emt 0:00:00]} Bf5 {[%emt 0:00:12]} 4. h3 {[%emt 0:00:09]} e6 {[%emt 0:00:10]} 5. e3 {[%emt 0:00:19]} h6 {[%emt 0:00:18]} 6. Be2 {[%emt 0:00:05]} Bd6 {[%emt 0:00:02]} 7. Bxd6 {[%emt 0:01:42]} Qxd6 {[%emt 0:00:09]} 8. O-O {[%emt 0:00:12]} O-O {[%emt 0:00:03]} 9. c4 {[%emt 0:00:27]} c5 {[%emt 0:00:26]} 10. cxd5 {[%emt 0:01:31]} Nxd5 {[%emt 0:00:20]} 11. Qb3 {[%emt 0:01:23]} b6 {[%emt 0:01:25]} 12. Nc3 {[%emt 0:00:50]} Nxc3 {[%emt 0:00:19]} 13. bxc3 {[%emt 0:00:46]} Nd7 {[%emt 0:01:00]} 14. Rfd1 {[%emt 0:00:16]} Qe7 {[%emt 0:00:06]} 15. Rd2 {[%emt 0:01:30]} Rac8 {[%emt 0:01:38]} 16. Rad1 {[%emt 0:00:51]} Rc7 {[%emt 0:00:18]} 17. Bb5 {[%emt 0:01:01]} Nf6 {[%emt 0:00:58]} 18. Ne5 {[%emt 0:01:18]} Be4 {[%emt 0:00:21]} 19. f3 {[%emt 0:01:27]} Bb7 {[%emt 0:00:25]} 20. dxc5 {[%emt 0:00:33]} Qxc5 {[%emt 0:00:09]} 21. Nd7 {[%emt 0:00:58]} Qxe3+ {[%emt 0:01:21]} 22. Kh1 {[%emt 0:00:39]} Nxd7 {[%emt 0:00:49]} 23. Rxd7 {[%emt 0:00:10]} Rxc3 {[%emt 0:01:29]} 24. Qb1 {[%emt 0:01:01]} Bxf3 {[%emt 0:02:31]} 25. Bf1 {[%emt 0:00:54]} Be4 {[%emt 0:00:19]} 26. Qb4 {[%emt 0:00:10]} Qxh3+ {[%emt 0:00:17]} 27. Kg1 {[%emt 0:00:43]} Qe3+ {[%emt 0:00:49]} 28. Kh1 {[%emt 0:00:10]} Rc5 {[%emt 0:00:00]} 0-1

[Event "African Games-chT 2019"]
[Site "Casablanca"]
[Date "2019.08.24"]
[Round "2.1"]
[White "Aderito, Pedro"]
[Black "Adly, Ahmed"]
[Result "0-1"]
[WhiteElo "2301"]
[BlackElo "2636"]
[Annotator "TA"]
[PlyCount "66"]
[EventDate "2019.08.24"]
[EventType "team-tourn"]
[EventCountry "MAR"]
[SourceTitle "playchess.com"]
[Source "ChessBase"]
[SourceQuality "1"]
[WhiteTeam "Angola"]
[BlackTeam "Egypt"]
[WhiteTeamCountry "ANG"]
[BlackTeamCountry "EGY"]

{[%evp 10,66,27,27,22,17,45,9,25,0,0,0,0,0,0,-14,-8,-11,-11,-9,-15,-18,-13,-38,0,-22,-20,-31,-16,-47,-31,-79,-37,-84,-82,-95,-98,-84,-91,-117,-77,-64,-56,-73,-22,-26,0,0,0,-93,-15,-168,-163,-503,-491,-698,-692,-906,-905]} 1. d4 f5 2. Nc3 Nf6 3. Bg5 d5 4. Bxf6 exf6 5. e3 c6 6. Bd3 Bd6 {A80: Dutch Defence: Unusual White second moves} 7. g3 (7. Qf3 g6 8. h3 Na6 9. Bxa6 bxa6 10. Nge2 a5 11. O-O h5 12. Nf4 g5 13. Nd3 Kf7 14. Qe2 Qe7 15. f4 g4 16. h4 Ba6 {1-0 (80) Ivanchuk,V (2731)-Radjabov,T (2713) Beijing 2013}) 7... Na6 $146 {[%cal Bb8a6,Ba6c7,Bc7e6][%mdl 32]} ({Predecessor:} 7... Be6 8. h4 h5 9. Nh3 g6 10. Ne2 Nd7 11. c3 Qc7 12. Qc2 O-O-O 13. c4 Bf7 14. c5 {1-0 (36) Kosanovic,G (2392)-Whatley,S (2065) Novi Sad 2016}) 8. a3 Qe7 {The position is equal.} 9. Qf3 g6 10. h4 Nc7 11. Nge2 Bd7 12. h5 {[#] hxg6 is the strong threat.} O-O-O 13. O-O-O Ne6 14. Nf4 Ng5 15. Qg2 Qg7 16. Nce2 Ne4 (16... Qf7 {with more complications.} 17. Qh2 Rhe8 18. hxg6 hxg6 19. c3 Ne4) 17. g4 (17. f3 {keeps more tension.} g5 18. h6 Qe7 19. Nh5 g4 20. Ng7) 17... fxg4 {White must now prevent ...g5.} 18. Bxe4 dxe4 19. hxg6 hxg6 {Threatens to win with ...g5.} 20. Qxe4 g5 (20... f5 $5 {[%cal Rf5e4]} 21. Qg2 g5 $15) 21. Nd3 f5 22. Qg2 f4 {[#] Hoping for ...f3.} 23. Nc3 f3 24. Qf1 Rxh1 (24... Rde8 {looks sharper.} 25. Kb1 Rh3 26. Rg1 Kb8 27. Nc5 Bf5) 25. Qxh1 Rh8 $36 {[%mdl 2048] Black fights for an advantage.} 26. Qf1 Bc7 (26... Kb8 $17) 27. Nc5 $11 g3 28. fxg3 g4 29. Nxd7 (29. d5 $1 $11) 29... Qxd7 $17 30. Qf2 $2 (30. Qc4 $11) 30... Rh3 $19 {[%mdl 1024] Black has strong compensation.} 31. Rg1 $2 (31. d5 {is tougher.}) 31... Qh7 {Strongly threatening ...Rh2.Black is clearly winning.} 32. e4 (32. Qf1 $142 Rxg3 33. Rxg3 Bxg3 34. d5) 32... Qh6+ 33. Kb1 Rh2 {Accuracy: White = 36%, Black = 70%.} 0-1